000 00559cam a22002171 4500
001 sa 68010826
003 DLC
005 20260227112556.0
008 890913s1966 ii 000 1 tamo
010 _asa 68010826
035 _a(OCoLC)20337254
040 _aDLC
_cWaU
_dDLC
042 _apremarc
050 0 0 _aPL4758.9.A33
_bV43
100 0 _aAkilan̲,
_d1922-1988.
245 1 0 _aVer̲r̲it tirunakar.
260 _a[Porkodi Veliyeedu,
_c1966]
300 _a571 p.
_c19 cm.
500 _aIn Tamil.
600 0 0 _aVisvanatha Nayaka,
_d1529-1564
_vFiction.
999 _c83577
_d83577